000 00355 a2200157 4500
001 56903
020 _a8528103633
040 _cAnchieta - Pituba
100 _aAbramovich, Fanny
240 1 0 _aQuatro histórias coloridas
_lpor
245 1 0 _aQuatro histórias coloridas
300 _a56
362 0 _a2000
650 4 _aLiteratura juvenil
942 _cBK
999 _c56903
_d56903